Abya Yala (Record no. 96642)

MARC details
000 -LEADER
campo de control de longitud fija 01428nam a2200397 i 4500
001 - NÚMERO DE CONTROL
campo de control MOR01000096968
005 - FECHA Y HORA DE LA ÚLTIMA TRANSACCIÓN
campo de control 20260331145953.0
007 - CAMPO FIJO DE DESCRIPCIÓN FÍSICA--INFORMACIÓN GENERAL
campo de control de longitud fija ta
008 - DATOS DE LONGITUD FIJA--INFORMACIÓN GENERAL
campo de control de longitud fija 130502s2011 cu g bi 000 0 spa d
020 ## - NÚMERO INTERNACIONAL ESTÁNDAR DEL LIBRO
Número Internacional Estándar del Libro 9789590613722
035 ## - NÚMERO DE CONTROL DEL SISTEMA
Número de control de sistema 130934
040 ## - FUENTE DE CATALOGACIÓN
Centro catalogador/agencia de origen mxcmmo
Lengua de catalogación spa
Centro/agencia transcriptor mxcmmo
Normas de descripción rda
041 0# - CÓDIGO DE IDIOMA
Código de lengua del texto/banda sonora o título independiente spa
043 ## - CÓDIGO DE ÁREA GEOGRÁFICA
Código de área geográfica cl-----
045 ## - PERIODO DE TIEMPO DEL CONTENIDO
Código de periodo de tiempo y0y1
082 04 - NÚMERO DE LA CLASIFICACIÓN DECIMAL DEWEY
Número de clasificación 970.00497
Número de ítem ABY.u
245 00 - MENCIÓN DEL TÍTULO
Título Abya Yala
Resto del título : una visión indígena/
Mención de responsabilidad, etc. colectivo de autores ; prólogo de Evo Morales Ayma
264 #1 - PRODUCCIÓN, PUBLICACIÓN, DISTRIBUCIÓN, FABRICACIÓN Y COPYRIGHT
Producción, publicación, distribución, fabricación y copyright La Habana:
Nombre del de productor, editor, distribuidor, fabricante Editorial de Ciencias Sociales:
-- Prensa Latina, Agencia Informativa Latinoamericana,
Fecha de producción, publicación, distribución, fabricación o copyright 2011
300 ## - DESCRIPCIÓN FÍSICA
Extensión 238 páginas;
Dimensiones 21 cm
336 ## - TIPO DE CONTENIDO
Término de tipo de contenido texto
Código de tipo de contenido txt
Fuente rdacontent
337 ## - TIPO DE MEDIO
Nombre/término del tipo de medio sin medio
Código del tipo de medio n
Fuente rdamedia
338 ## - TIPO DE SOPORTE
Nombre/término del tipo de soporte volumen
Código del tipo de soporte nc
Fuente rdacarrier
490 0# - MENCIÓN DE SERIE
Mención de serie Letras urgentes
650 #7 - PUNTO DE ACCESO ADICIONAL DE MATERIA--TÉRMINO DE MATERIA
Término de materia o nombre geográfico como elemento de entrada Indios de Hispanoamérica
Subdivisión general Condiciones sociales
9 (RLIN) 75677
650 #7 - PUNTO DE ACCESO ADICIONAL DE MATERIA--TÉRMINO DE MATERIA
Término de materia o nombre geográfico como elemento de entrada Indios de Hispanoamérica
Subdivisión general Relaciones con el gobierno
9 (RLIN) 56926
650 #7 - PUNTO DE ACCESO ADICIONAL DE MATERIA--TÉRMINO DE MATERIA
Término de materia o nombre geográfico como elemento de entrada Indios de Hispanoamérica
Subdivisión general Vida social y costumbres
9 (RLIN) 101935
650 #7 - PUNTO DE ACCESO ADICIONAL DE MATERIA--TÉRMINO DE MATERIA
Término de materia o nombre geográfico como elemento de entrada Indios
Subdivisión general Tratamiento
Subdivisión geográfica Hispanoamérica
9 (RLIN) 1207
700 1# - ENTRADA AGREGADA--NOMBRE PERSONAL
Nombre de persona Morales Ayma, Evo
Fechas asociadas al nombre 1959-
Títulos y otros términos asociados al nombre pres. de Bolivia
Término indicativo de función/relación prologuista
9 (RLIN) 158778
900 ## - ELEMENTOS DE DATOS A LOCAL, LDA (RLIN)
Nombre de persona CATY
Numeración 30
Títulos y otros términos asociados al nombre 20130503
Lenguaje de la obra MOR01
-- 1209
900 ## - ELEMENTOS DE DATOS A LOCAL, LDA (RLIN)
Nombre de persona KLASY
Numeración 30
Títulos y otros términos asociados al nombre 20130522
Lenguaje de la obra MOR01
-- 1549
900 ## - ELEMENTOS DE DATOS A LOCAL, LDA (RLIN)
Nombre de persona LUIS
Numeración 02
Títulos y otros términos asociados al nombre 20130502
Lenguaje de la obra MOR01
-- 1457
900 ## - ELEMENTOS DE DATOS A LOCAL, LDA (RLIN)
Nombre de persona LUIS
Numeración 02
Títulos y otros términos asociados al nombre 20130502
Lenguaje de la obra MOR01
-- 1457
900 ## - ELEMENTOS DE DATOS A LOCAL, LDA (RLIN)
Nombre de persona VOBO
Numeración 40
Títulos y otros términos asociados al nombre 20130524
Lenguaje de la obra MOR01
-- 1213
904 ## - ELEMENTOS DE DATOS D LOCAL, LDD (RLIN)
a UPDATE
942 ## - ELEMENTOS DE ENTRADA SECUNDARIOS (KOHA)
Código de la institución [OBSOLETO] BK
901 ## - ELEMENTOS DE DATOS A LOCAL LDA (RLIN)
a batch batch
Holdings
Estatus retirado Estado de pérdida Fuente del sistema de clasificación o colocación Estado de daño No para préstamo Colección Biblioteca de origen Biblioteca actual Ubicación en estantería Fecha de adquisición Fuente de adquisición Número de inventario Total de préstamos Signatura topográfica completa Código de barras Visto por última vez Precio de reemplazo Tipo de ítem Koha
    Clasificación Decimal Dewey     Libros (General) Biblioteca Instituto Mora Biblioteca Instituto Mora Regular 03/05/2013   123670   (G)/970.00497 ABY.u 33068001286762 03/09/2024 03/09/2024 Libro préstamo regular